000
00287nam a22001337a 4500
008
170731b xxu||||| |||| 00| 0 eng d
020
_a
9780072416404
041
_a
eng
080
_a
004
100
_a
32
101
_a
SHK
245
_a
OPERATIONS NOW.COM
_c
FINCH,B.J
942
_2
udc
_c
BK
999
_c
22195
_d
22195